000 00762nam a2200289Ia 4500
005 20260324144113.0
008 008 260324s9999 xx 000 0 eng d
020 _a9780203738245
037 _aEBOOK
040 _aCRL
040 _beng
040 _cCRL
041 _2eng
041 _aeng
084 _qCRL
100 _aB. Nilsen; J. Olsen
_91218094
245 0 _aStorage of Gases in Rock Caverns
245 0 _bProceedings of the International Conference on Storage of Gases in Rock Caverns/Trondheim/26-28 June 1989
260 _bTaylor and Francis
260 _c1989
365 _a
365 _b560
856 _uhttp://www.taylorfrancis.com/books/9780203738245
942 _cEBOOK
999 _c1824294
_d1824294